| 000 | 00437nam a22001697a 4500 | ||
|---|---|---|---|
| 005 | 20200521130834.0 | ||
| 008 | 200521b xxu||||| |||| 00| 0 eng d | ||
| 020 | _a074561793x | ||
| 041 | _aeng | ||
| 082 | _a305.5 CRO | ||
| 100 |
_aCrompton, Rosemary _95698 |
||
| 245 | _aClass and Stratification an introduction to current debates | ||
| 260 |
_aU.K _bPolity Press _c1988 |
||
| 300 | _a255p. | ||
| 650 |
_aSocilogy _95690 |
||
| 942 | _cBK | ||
| 999 |
_c6385 _d6383 |
||